Movies Quiz

Random Movies or Box Office Quiz

Highest Grossing Movies (2007) Quiz Stats

 Plays Quiz Updated Nov 3, 2017

Challenge
Share
Tweet
Score 0/30 Timer 08:00
3 Plays Today
% Correct
Shrek the Third
97.6%
Transformers
97.4%
The Simpsons Movie
95.1%
Spider-Man 3
94.3%
Alvin and the Chipmunks
90.7%
300
90.5%
Ratatouille
87.5%
Harry Potter and the Order of the Phoenix
86.3%
Juno
85.2%
Bee Movie
84.1%
I Am Legend
83.3%
Pirates of the Caribbean: At World's End
82.1%
Ocean's Thirteen
81.4%
Fantastic Four: Rise of the Silver Surfer
78.5%
National Treasure: Book of Secrets
78.1%
% Correct
Knocked Up
77.6%
Hairspray
77.6%
Superbad
74.4%
Blades of Glory
71.9%
Rush Hour 3
71.7%
Evan Almighty
71.5%
The Bourne Ultimatum
70.9%
Live Free or Die Hard
67.5%
Enchanted
64.8%
Ghost Rider
58.4%
Wild Hogs
57%
I Now Pronounce You Chuck and Larry
53%
Norbit
46.2%
American Gangster
42.1%
Meet the Robinsons
35.8%

You're not logged in!

Compare scores with friends on all Sporcle quizzes.
OR
Log In

You Might Also Like...

Show Comments

Extras

Top Quizzes Today


Score Distribution

Your Account Isn't Verified!

In order to create a playlist on Sporcle, you need to verify the email address you used during registration. Go to your Sporcle Settings to finish the process.

Report this User

Report this user for behavior that violates our Community Guidelines.

Details: